000 00887cam a2200181 4500
001 ##WS134090
008 060710n 000 0 eng u
035 _a(Sirsi) u134090
041 0 _aeng
110 2 _aContract Journal
_9554
245 0 0 _aCJ Marketplace
520 _aWeb site providing a free-to-view, on line classified service listing all types of construction plant and products. Features for sale and wanted sections, together with a browsable database of construction equipment divided into 13 categories, including dump trucks, cranes, excavators, screens and crushers, and site equipment.
590 _aIKA180706
651 4 _aInternational
690 _aPROPERTY-BUSINESS ASSETS-ACQUISITION AND DISPOSAL OF BUSINESS ASSETS
856 4 0 _uhttps://www.contractjournal.com/classifieds/Home.aspx
_zView the website free of charge at www.contractjournal.com...
942 _n0
999 _c120498
_d120498